000 00376nam a2200145Ia 4500
008 230312s9999||||xx |||||||||||||| ||und||
020 _a9780643107106
082 _a005.36
_bDAV-S
100 _aThomas,Orin
245 0 _aExam ref 70-347 : enabling Office 365 services
260 _bCsiro
_aChina
_c2013
300 _a175
650 _aComputer
_vElectronic books
942 _cBK
999 _c17549
_d17549